| 000 | 00741nam a2200253 i 4500 | ||
|---|---|---|---|
| 001 | 60167 | ||
| 003 | ES-MaACL | ||
| 005 | 20250827062610.0 | ||
| 007 | t| | ||
| 008 | 031103s1986 sp ||||1| spa d | ||
| 020 | _a84-309-1327-0 | ||
| 110 | 1 |
_aEspaña _93622 |
|
| 240 | 1 | 0 | _aLeyes, etc., tributarias |
| 245 | 1 | 0 |
_aImpuesto sobre sociedades / _cpreparado por Carmelo Lozano Serrano. |
| 250 | _a2ª ed. | ||
| 260 |
_aMadrid : _bTecnos, _c1986. |
||
| 300 |
_a746 p. ; _c17 cm. |
||
| 490 | 1 | _aBiblioteca de textos legales | |
| 700 | 1 |
_aLozano Serrano, Carmelo. _974467 |
|
| 740 | 0 | _aLeyes, etc., tributarias. | |
| 830 | 0 |
_aBiblioteca de textos legales _9177271 |
|
| 852 |
_aES-MaACL _jL-11717 _bR.114049 |
||
| 999 |
_c60167 _d60167 |
||